[Event "Landesklasse Ost 2025/26"]
[Site "?"]
[Date "2025.09.14"]
[Round "1.7"]
[White "Boroshnev, Dmytro"]
[Black "Vetter, Udo"]
[Result "1-0"]
[WhiteElo "1759"]
[BlackElo "1489"]
[WhiteFideId "-1"]
[BlackFideId "-1"]
[PlyCount "111"]
[GameId "543081622064"]
[EventDate "2025.09.14"]
[EventType "team-tourn"]
[EventRounds "9"]
[SourceTitle "Thueringer Schachbund"]
[Source "ThSB"]
[SourceDate "2025.09.14"]
[SourceVersion "1"]
[SourceVersionDate "2025.09.14"]
[SourceQuality "1"]
[WhiteTeam "SC Turm Erfurt"]
[BlackTeam "ESV Lok Sömmerda"]

1. e4 c5 2. Nf3 Nc6 3. Bb5 g6 4. O-O Bg7 5. c3 d6 6. d4 cxd4 7. cxd4 Bd7 8. Nc3 a6 9. Ba4 Rc8 10. Be3 b5 11. Bc2 Nf6 12. Rc1 O-O 13. Bb1 Bg4 14. h3 Bxf3 15. Qxf3 Nd7 16. Rfd1 Nb6 17. b3 b4 18. Ne2 a5 19. g4 e6 20. Qg2 d5 21. e5 Na7 22. Bd3 Qd7 23. Ba6 Rxc1 24. Rxc1 Nb5 25. Rc5 Nc7 26. Bd3 Ra8 27. Qf1 Bf8 28. Rc2 a4 29. Qc1 Nb5 30. Rc6 Nc3 31. Rxb6 Rc8 32. Nxc3 Rxc3 33. Qd2 axb3 34. axb3 Rxb3 35. Rb8 Rc3 36. Bh6 Rc8 37. Rxc8 Qxc8 38. Bxf8 Qxf8 39. h4 Kg7 40. Qf4 Qe7 41. g5 Kg8 42. h5 Qd8 43. h6 Qe7 44. Qf6 Qxf6 45. gxf6 Kf8 46. Kf1 Ke8 47. Ke2 Kf8 48. Kd2 Ke8 49. Kc2 Kf8 50. Kb3 Ke8 51. Kxb4 Kf8 52. Kc5 Ke8 53. Kd6 Kf8 54. Kd7 Kg8 55. Ke7 g5 56. Bxh7+ 1-0

[Event "Landesklasse Ost 2025/26"]
[Site "?"]
[Date "2025.09.14"]
[Round "1.8"]
[White "Tschapeller, Josef"]
[Black "Waldhelm, Bernward"]
[Result "0-1"]
[WhiteElo "1191"]
[BlackElo "1628"]
[WhiteFideId "-1"]
[BlackFideId "-1"]
[PlyCount "82"]
[GameId "543088162469"]
[EventDate "2025.09.14"]
[EventType "team-tourn"]
[EventRounds "9"]
[SourceTitle "Thueringer Schachbund"]
[Source "ThSB"]
[SourceDate "2025.09.14"]
[SourceVersion "1"]
[SourceVersionDate "2025.09.14"]
[SourceQuality "1"]
[WhiteTeam "ESV Lok Sömmerda"]
[BlackTeam "SC Turm Erfurt"]

1. d4 d5 2. Bf4 Nf6 3. Nf3 c5 4. c3 Bf5 5. e3 c4 6. Nbd2 e6 7. b3 cxb3 8. axb3 a6 9. c4 Bb4 10. c5 b6 11. Bxb8 Qxb8 12. Bxa6 bxc5 13. Bb5+ Ke7 14. Bc6 Rxa1 15. Qxa1 Ne4 16. Qa2 Nxd2 17. Nxd2 Rc8 18. Qa6 Qc7 19. Qb7 Qxb7 20. Bxb7 Rc7 21. Ba6 Ra7 22. O-O Rxa6 23. Nf3 Bd3 24. Rd1 c4 25. bxc4 Bxc4 26. g3 f6 27. Rb1 Ra4 28. h4 Be2 29. Nh2 Bd3 30. Rb3 Bc4 31. Rb1 Kf7 32. Nf3 Be2 33. Nh2 Kg6 34. Rb2 Bd3 35. Rb3 Bc4 36. Rb1 h5 37. f4 Bd3 38. Rb2 Be4 39. Kf2 Bc3 40. Rb7 Ra2+ 41. Kg1 Rg2+ 0-1

[Event "Landesklasse Ost 2025/26"]
[Site "?"]
[Date "2025.09.14"]
[Round "1.2"]
[White "Klebe, Jan"]
[Black "Kaiser, Markus"]
[Result "1/2-1/2"]
[WhiteElo "2015"]
[BlackElo "1909"]
[WhiteFideId "-1"]
[BlackFideId "-1"]
[PlyCount "69"]
[GameId "542474386828"]
[EventDate "2025.09.14"]
[EventType "team-tourn"]
[EventRounds "9"]
[SourceTitle "Thueringer Schachbund"]
[Source "ThSB"]
[SourceDate "2025.09.14"]
[SourceVersion "1"]
[SourceVersionDate "2025.09.14"]
[SourceQuality "1"]
[WhiteTeam "SV Thuringia Königsee"]
[BlackTeam "SG Arnstadt-Stadtilm"]

{[%evp 0,69,31,25,52,8,47,19,28,15,12,4,15,-8,-14,-20,10,-20,-11,-5,-5,-21,-7,-4,1,-4,-4,-8,9,-6,-2,-14,9,-9,-18,-22,-31,-29,-7,-5,-15,-2,16,-10,-9,10,6,6,48,49,52,52,60,58,65,67,66,89,157,93,78,-8,-6,-163,0,0,0,0,0,0,0,0]} 1. Nf3 c5 2. g3 g6 3. Bg2 Bg7 4. O-O Nc6 5. d3 Nf6 6. e4 d5 7. Nbd2 O-O 8. Re1 e6 9. c3 b6 10. a3 Qc7 11. exd5 Nxd5 12. Nc4 Rd8 13. Qe2 Bb7 14. Nfe5 Nxe5 15. Nxe5 Nf6 16. f4 Bxg2 17. Kxg2 Ne8 18. Qf3 Nd6 19. Be3 Nf5 20. Bf2 h5 21. Rad1 Rac8 22. h3 Bxe5 23. fxe5 Qc6 24. Re4 Qb5 25. g4 Ng7 26. Rd2 Rd7 27. Bh4 hxg4 28. hxg4 Qc6 29. Bf6 Ne8 30. Kg3 Nxf6 31. Qxf6 Rxd3+ 32. Rxd3 Qxe4 33. Rd8+ Rxd8 34. Qxd8+ Kg7 35. Qf6+ 1/2-1/2

[Event "Landesklasse Ost 2025/26"]
[Site "?"]
[Date "2025.09.14"]
[Round "1.3"]
[White "Sauer, Marko"]
[Black "Kreutzmann, Henry"]
[Result "1-0"]
[WhiteElo "2003"]
[BlackElo "1775"]
[WhiteFideId "-1"]
[BlackFideId "-1"]
[PlyCount "56"]
[GameId "542474784849"]
[EventDate "2025.09.14"]
[EventType "team-tourn"]
[EventRounds "9"]
[SourceTitle "Thueringer Schachbund"]
[Source "ThSB"]
[SourceDate "2025.09.14"]
[SourceVersion "1"]
[SourceVersionDate "2025.09.14"]
[SourceQuality "1"]
[WhiteTeam "SG Arnstadt-Stadtilm"]
[BlackTeam "SV Thuringia Königsee"]

{[%evp 0,56,25,28,58,39,40,32,6,12,12,6,60,21,86,92,89,55,56,32,20,19,66,72,43,51,47,37,27,12,30,8,28,16,36,26,41,24,42,48,76,79,70,77,100,96,97,86,74,82,112,78,95,96,124,101,227,235,764]} 1. e4 c5 2. Nf3 Nc6 3. d4 cxd4 4. Nxd4 Nf6 5. Nc3 e6 6. Nxc6 dxc6 7. Qxd8+ Kxd8 8. a3 Bd6 9. f4 e5 10. f5 b6 11. Bc4 Ke7 12. Bg5 Bb7 13. O-O-O Rhd8 14. Rd3 b5 15. Bb3 a5 16. Rhd1 b4 17. Nb1 Bc7 18. Bxf6+ gxf6 19. Bxf7 Rxd3 20. Rxd3 Ba6 21. Rh3 Rh8 22. Be6 Bb6 23. axb4 axb4 24. Nd2 Be2 25. Bc4 Bg4 26. Rg3 Bh5 27. Rg7+ Kd8 28. Rb7 Bc5 1-0

[Event "Landesklasse Ost 2025/26"]
[Site "?"]
[Date "2025.09.14"]
[Round "1.4"]
[White "Möller, Frank"]
[Black "Heß, Jürgen"]
[Result "0-1"]
[WhiteElo "1801"]
[BlackElo "1851"]
[WhiteFideId "-1"]
[BlackFideId "-1"]
[PlyCount "114"]
[GameId "542472895780"]
[EventDate "2025.09.14"]
[EventType "team-tourn"]
[EventRounds "9"]
[SourceTitle "Thueringer Schachbund"]
[Source "ThSB"]
[SourceDate "2025.09.14"]
[SourceVersion "1"]
[SourceVersionDate "2025.09.14"]
[SourceQuality "1"]
[WhiteTeam "SV Thuringia Königsee"]
[BlackTeam "SG Arnstadt-Stadtilm"]

{[%evp 0,114,25,-3,-11,-11,16,8,-3,-7,-7,-23,19,25,27,20,29,22,32,25,23,38,18,18,61,26,58,15,28,10,13,0,1,-47,10,-10,-10,-63,16,10,4,0,-16,-15,-35,-22,-24,-12,-23,-25,-23,-6,50,36,60,49,63,83,70,52,80,84,89,78,91,91,87,75,73,0,-8,0,0,-1,-1,-7,-9,-9,126,0,0,-26,-32,-58,-70,-70,-55,-67,-65,-125,-79,-83,-111,-117,-66,-75,-121,-116,-117,-172,-147,-271,-92,-269,-246,-458,-469,-560,-852,-772,-679,-828,-956,-965,-1051,-1085,-441]} 1. c4 e6 2. Nc3 c5 3. g3 Nf6 4. Bg2 Nc6 5. Nf3 d5 6. cxd5 exd5 7. d4 Be6 8. O-O Be7 9. Bg5 O-O 10. Bxf6 Bxf6 11. dxc5 Bxc3 12. bxc3 Qe7 13. Nd4 Qxc5 14. Rc1 Rfd8 15. e3 Rac8 16. Qh5 Qe7 17. f4 g6 18. Qh6 f5 19. Nf3 Qg7 20. Qxg7+ Kxg7 21. Rfd1 Na5 22. Nd4 Bf7 23. Bf1 a6 24. Rd2 Kf6 25. Rb2 Be8 26. Rb6+ Bc6 27. c4 Ke7 28. c5 Re8 29. Rc3 Kd7 30. Ra3 Nc4 31. Bxc4 dxc4 32. Rc3 Be4 33. Rd6+ Ke7 34. Re6+ Kf7 35. Rxe8 Rxe8 36. Rxc4 Bd5 37. Rc3 Bxa2 38. c6 b5 39. c7 Bc4 40. Nc6 Rc8 41. Ne5+ Ke6 42. Ra3 Rxc7 43. Rxa6+ Kd5 44. Rb6 Kc5 45. Rb8 b4 46. Nf3 Ba2 47. Nd4 Bd5 48. Kf2 Rb7 49. Rc8+ Kb6 50. Ke2 Ra7 51. Rc2 b3 52. Rb2 Ra2 53. Rxa2 bxa2 54. Nc2 Kc5 55. Kd2 Be4 56. Na1 Kc4 57. h3 h6 0-1

[Event "Landesklasse Ost 2025/26"]
[Site "?"]
[Date "2025.09.14"]
[Round "1.5"]
[White "Bilek, Michael"]
[Black "Steiger, Bernd"]
[Result "1-0"]
[WhiteElo "2097"]
[BlackElo "1778"]
[WhiteFideId "-1"]
[BlackFideId "-1"]
[PlyCount "47"]
[GameId "542475033752"]
[EventDate "2025.09.14"]
[EventType "team-tourn"]
[EventRounds "9"]
[SourceTitle "Thueringer Schachbund"]
[Source "ThSB"]
[SourceDate "2025.09.14"]
[SourceVersion "1"]
[SourceVersionDate "2025.09.14"]
[SourceQuality "1"]
[WhiteTeam "SG Arnstadt-Stadtilm"]
[BlackTeam "SV Thuringia Königsee"]

{[%evp 0,47,25,25,25,25,25,-15,9,17,18,14,14,3,10,16,10,7,14,16,16,21,23,22,18,18,58,57,51,55,52,62,94,89,92,91,102,103,122,108,217,214,205,147,162,93,217,129,219,182]} 1. d4 Nf6 2. Nf3 e6 3. c4 b6 4. g3 Bb7 5. Bg2 Bb4+ 6. Bd2 Bxd2+ 7. Qxd2 O-O 8. O-O d6 9. Nc3 Nbd7 10. Rad1 Ne4 11. Nxe4 Bxe4 12. Qf4 Bxf3 13. Bxf3 Rb8 14. Bc6 f5 15. e4 Qe7 16. exf5 Rxf5 17. Qe3 Rbf8 18. f4 Nf6 19. Rde1 Kf7 20. h3 h5 21. Kg2 Rg8 22. h4 Ng4 23. Qe2 Rd8 24. d5 1-0

[Event "Landesklasse Ost 2025/26"]
[Site "?"]
[Date "2025.09.14"]
[Round "1.7"]
[White "Scheller, Thomas"]
[Black "Margraf, Moritz"]
[Result "1/2-1/2"]
[WhiteElo "1634"]
[BlackElo "1539"]
[WhiteFideId "-1"]
[BlackFideId "-1"]
[PlyCount "57"]
[GameId "542475288291"]
[EventDate "2025.09.14"]
[EventType "team-tourn"]
[EventRounds "9"]
[SourceTitle "Thueringer Schachbund"]
[Source "ThSB"]
[SourceDate "2025.09.14"]
[SourceVersion "1"]
[SourceVersionDate "2025.09.14"]
[SourceQuality "1"]
[WhiteTeam "SG Arnstadt-Stadtilm"]
[BlackTeam "SV Thuringia Königsee"]

{[%evp 0,57,25,25,25,11,18,12,8,20,16,6,24,-3,13,-19,52,21,83,74,73,91,96,69,83,81,58,55,52,37,75,48,83,54,58,73,75,29,33,42,182,38,32,26,15,0,14,1,-14,1,17,-14,-9,0,11,-14,-12,-3,10,-8]} 1. d4 e6 2. g3 d5 3. Bg2 Nf6 4. Nf3 Bd6 5. O-O O-O 6. Nbd2 Nbd7 7. Re1 c6 8. c4 dxc4 9. Nxc4 Bb4 10. Bd2 Bxd2 11. Ncxd2 Qc7 12. Rc1 e5 13. Qc2 exd4 14. Nxd4 Qd6 15. Nf5 Qe6 16. b3 g6 17. Nd4 Qe7 18. Rcd1 Qc5 19. Qb2 Nb6 20. Rc1 Qe5 21. N2f3 Qe7 22. Qc2 Bg4 23. h3 Bxf3 24. Nxf3 Rfd8 25. Rcd1 Rxd1 26. Rxd1 Rd8 27. Rd3 Rxd3 28. Qxd3 Qd7 29. Qc2 1/2-1/2

[Event "Landesklasse Ost 2025/26"]
[Site "?"]
[Date "2025.09.14"]
[Round "1.8"]
[White "Seemann, Kevin"]
[Black "Rudolf, Robby"]
[Result "1/2-1/2"]
[WhiteElo "1528"]
[BlackElo "1506"]
[WhiteFideId "-1"]
[BlackFideId "-1"]
[PlyCount "30"]
[GameId "542476742609"]
[EventDate "2025.09.14"]
[EventType "team-tourn"]
[EventRounds "9"]
[SourceTitle "Thueringer Schachbund"]
[Source "ThSB"]
[SourceDate "2025.09.14"]
[SourceVersion "1"]
[SourceVersionDate "2025.09.14"]
[SourceQuality "1"]
[WhiteTeam "SV Thuringia Königsee"]
[BlackTeam "SG Arnstadt-Stadtilm"]

{[%evp 0,30,25,25,25,-15,31,-14,8,-1,57,16,41,36,23,25,27,19,29,32,15,15,23,18,53,28,63,61,57,44,51,42,63]} 1. d4 d5 2. c4 dxc4 3. Bf4 Nf6 4. e3 e6 5. Nc3 Bd6 6. Bxd6 cxd6 7. Bxc4 O-O 8. Nf3 b6 9. O-O Bb7 10. Rc1 Nbd7 11. Qe2 a5 12. Nb5 d5 13. Bd3 Ba6 14. a4 Rc8 15. h3 Qe7 1/2-1/2

[Event "Landesklasse Ost 2025/26"]
[Site "?"]
[Date "2025.09.14"]
[Round "1.1"]
[White "Albrecht, Jürgen"]
[Black "Besancon, Pascal"]
[Result "1/2-1/2"]
[WhiteElo "1988"]
[BlackElo "1930"]
[WhiteFideId "-1"]
[BlackFideId "-1"]
[PlyCount "43"]
[GameId "542471789055"]
[EventDate "2025.09.14"]
[EventType "team-tourn"]
[EventRounds "9"]
[SourceTitle "Thueringer Schachbund"]
[Source "ThSB"]
[SourceDate "2025.09.14"]
[SourceVersion "1"]
[SourceVersionDate "2025.09.14"]
[SourceQuality "1"]
[WhiteTeam "SSV Vimaria 91 Weimar 2"]
[BlackTeam "Schachklub Weida"]

{[%evp 0,43,25,20,75,61,91,69,108,57,64,62,63,45,38,38,42,47,74,29,29,40,74,43,72,47,58,65,56,56,47,49,53,56,55,52,53,47,48,43,47,47,65,33,34,14]} 1. e4 d6 2. d4 Nf6 3. Nc3 e5 4. Nf3 Nbd7 5. Bc4 Be7 6. O-O O-O 7. a4 a5 8. h3 c6 9. Ba2 Qc7 10. Be3 Re8 11. Re1 Nf8 12. dxe5 dxe5 13. Ng5 Ne6 14. Nxe6 Bxe6 15. Bxe6 fxe6 16. Qe2 Bb4 17. Qc4 Rad8 18. Red1 Kf7 19. Ne2 Rxd1+ 20. Rxd1 Rd8 21. Rf1 Bd2 22. Qb3 1/2-1/2

[Event "Landesklasse Ost 2025/26"]
[Site "?"]
[Date "2025.09.14"]
[Round "1.2"]
[White "Schlierf, Andre"]
[Black "Günther, Arthur"]
[Result "0-1"]
[WhiteElo "1782"]
[BlackElo "1860"]
[WhiteFideId "-1"]
[BlackFideId "-1"]
[PlyCount "82"]
[GameId "542472092644"]
[EventDate "2025.09.14"]
[EventType "team-tourn"]
[EventRounds "9"]
[SourceTitle "Thueringer Schachbund"]
[Source "ThSB"]
[SourceDate "2025.09.14"]
[SourceVersion "1"]
[SourceVersionDate "2025.09.14"]
[SourceQuality "1"]
[WhiteTeam "Schachklub Weida"]
[BlackTeam "SSV Vimaria 91 Weimar 2"]

{[%evp 0,82,25,-11,40,9,25,-16,35,41,39,18,44,40,42,39,44,62,33,40,57,56,78,35,140,48,75,13,61,26,27,51,45,34,2,-23,-24,-7,-7,-7,-7,-88,-88,-61,-47,-64,-54,-54,10,-46,-34,-75,-40,-40,-42,-35,-54,-49,-53,-57,-39,-42,-41,-47,-42,-48,-48,-55,-41,-80,-52,-144,-132,-161,-177,-178,-178,-224,-212,-340,-346,-407,-407,-789,-797]} 1. c4 f5 2. g3 Nf6 3. Bg2 e6 4. Nf3 d5 5. O-O Be7 6. d3 O-O 7. Nc3 c6 8. e4 d4 9. Ne2 fxe4 10. dxe4 Nxe4 11. Nfxd4 Nd6 12. Qb3 Na6 13. Be3 e5 14. Nf3 Bg4 15. c5+ Nf7 16. h3 Bxf3 17. Bxf3 Nxc5 18. Bxc5 Bxc5 19. Qxb7 Ng5 20. Qb3+ Kh8 21. Bg2 Rb8 22. Qc3 Qb6 23. Kh2 Bd4 24. Nxd4 exd4 25. Qxc6 Qxc6 26. Bxc6 Rxb2 27. Rad1 Rfxf2+ 28. Rxf2 Rxf2+ 29. Kh1 Rxa2 30. Rxd4 g6 31. h4 Ne6 32. Re4 Nc5 33. Re7 a5 34. Rc7 Nd3 35. Bb5 Ne5 36. Rc3 Kg7 37. Re3 Kf6 38. Be2 a4 39. g4 a3 40. g5+ Kf5 41. Kg2 Kf4 0-1

[Event "Landesklasse Ost 2025/26"]
[Site "?"]
[Date "2025.09.14"]
[Round "1.3"]
[White "Günther, Andreas"]
[Black "Künzel, Andre"]
[Result "1-0"]
[WhiteElo "2085"]
[BlackElo "1944"]
[WhiteFideId "-1"]
[BlackFideId "-1"]
[PlyCount "89"]
[GameId "542472833239"]
[EventDate "2025.09.14"]
[EventType "team-tourn"]
[EventRounds "9"]
[SourceTitle "Thueringer Schachbund"]
[Source "ThSB"]
[SourceDate "2025.09.14"]
[SourceVersion "1"]
[SourceVersionDate "2025.09.14"]
[SourceQuality "1"]
[WhiteTeam "SSV Vimaria 91 Weimar 2"]
[BlackTeam "Schachklub Weida"]

{[%evp 0,89,25,-19,41,19,19,3,-2,10,2,3,-2,4,30,46,38,42,65,60,85,79,112,114,160,125,112,128,123,108,97,118,151,128,86,72,81,88,110,98,120,127,150,130,142,143,184,114,177,123,118,147,139,139,170,50,62,55,157,135,251,178,251,222,260,277,383,399,399,395,431,303,445,334,475,518,930,511,541,511,666,660,776,672,710,753,782,727,685,986,1055,1379]} 1. b3 d6 2. Bb2 e5 3. e3 Be7 4. d4 exd4 5. Qxd4 Bf6 6. Qe4+ Qe7 7. Qxe7+ Kxe7 8. Nc3 c6 9. O-O-O Nh6 10. h3 Rd8 11. g4 a5 12. Nge2 b5 13. Bg2 Ra6 14. Nf4 a4 15. Nh5 axb3 16. axb3 b4 17. Ne4 Bxb2+ 18. Kxb2 g6 19. Nf4 f5 20. Ng5 Rh8 21. Rd4 Rb6 22. Rhd1 fxg4 23. Rxd6 gxh3 24. Ngxh3 Nf7 25. R6d4 Bf5 26. e4 Bc8 27. Bf1 Nd7 28. Ra1 Nf6 29. Ra7+ Ke8 30. Bc4 Ne5 31. Ng5 Bb7 32. Rd6 Nxc4+ 33. bxc4 Nd7 34. e5 Rf8 35. Nd3 Rf5 36. Nxh7 Ke7 37. f4 b3 38. cxb3 Rh5 39. Ng5 Rh2+ 40. Kc3 Rg2 41. Rxg6 Rg3 42. Rg7+ Ke8 43. Ne6 Rf3 44. c5 Rb5 45. Nc7+ 1-0

[Event "Landesklasse Ost 2025/26"]
[Site "?"]
[Date "2025.09.14"]
[Round "1.4"]
[White "Schumann, Robert"]
[Black "Gulich, Christian"]
[Result "1/2-1/2"]
[WhiteElo "1836"]
[BlackElo "1905"]
[WhiteFideId "-1"]
[BlackFideId "-1"]
[PlyCount "83"]
[GameId "542473869555"]
[EventDate "2025.09.14"]
[EventType "team-tourn"]
[EventRounds "9"]
[SourceTitle "Thueringer Schachbund"]
[Source "ThSB"]
[SourceDate "2025.09.14"]
[SourceVersion "1"]
[SourceVersionDate "2025.09.14"]
[SourceQuality "1"]
[WhiteTeam "Schachklub Weida"]
[BlackTeam "SSV Vimaria 91 Weimar 2"]

{[%evp 0,83,25,25,59,59,98,70,61,70,57,41,33,35,20,44,61,17,25,-37,16,-29,-10,2,10,10,13,17,0,0,13,10,10,-22,29,35,27,43,44,55,62,84,76,73,76,93,86,82,80,93,96,100,147,145,151,102,195,14,22,0,0,0,167,143,162,152,142,116,126,89,100,65,22,63,60,70,71,72,67,64,74,80,84,93,131,72]} 1. d4 f5 2. Nf3 g6 3. c4 Nf6 4. Nc3 Bg7 5. e3 O-O 6. Be2 d6 7. O-O Qe8 8. Nb5 Na6 9. d5 Kh8 10. Nbd4 e5 11. dxe6 Nc5 12. b3 Nxe6 13. Bb2 Ne4 14. Nxe6 Bxe6 15. Bxg7+ Kxg7 16. Nd4 Bf7 17. Nb5 Qe7 18. Bf3 a5 19. Qd4+ Kg8 20. Bxe4 fxe4 21. Nc3 Rae8 22. Nd5 Bxd5 23. Qxd5+ Qf7 24. Qxb7 Re5 25. Rad1 Qe7 26. Rd5 Ref5 27. Qb5 Qg7 28. Qxa5 Rxf2 29. Rdd1 Qf6 30. Qd5+ Rf7 31. Qxf7+ Qxf7 32. Rxf2 Qg7 33. Rdf1 Qc3 34. Rf8+ Kg7 35. R8f7+ Kh6 36. Rxc7 Qxe3+ 37. Kh1 Qe2 38. Rg1 Qxa2 39. Re7 Qe2 40. Re6 e3 41. Rxd6 Qc2 42. Rb6 1/2-1/2

[Event "Landesklasse Ost 2025/26"]
[Site "?"]
[Date "2025.09.14"]
[Round "1.5"]
[White "Homberger, Jan"]
[Black "Wagner, Uwe"]
[Result "1-0"]
[WhiteElo "1864"]
[BlackElo "1734"]
[WhiteFideId "-1"]
[BlackFideId "-1"]
[PlyCount "63"]
[GameId "542474640308"]
[EventDate "2025.09.14"]
[EventType "team-tourn"]
[EventRounds "9"]
[SourceTitle "Thueringer Schachbund"]
[Source "ThSB"]
[SourceDate "2025.09.14"]
[SourceVersion "1"]
[SourceVersionDate "2025.09.14"]
[SourceQuality "1"]
[WhiteTeam "SSV Vimaria 91 Weimar 2"]
[BlackTeam "Schachklub Weida"]

{[%evp 0,63,25,17,40,50,90,88,58,30,61,60,86,79,66,65,57,54,106,83,70,74,86,69,102,102,132,109,139,-49,55,30,54,9,88,-44,-59,-54,196,124,123,72,208,219,230,206,223,251,318,217,195,120,116,122,133,133,175,198,189,136,298,306,310,306,310,341]} 1. e4 c5 2. Nf3 d6 3. d4 cxd4 4. Nxd4 a6 5. Nc3 e6 6. Be2 Nf6 7. Be3 Be7 8. g4 Qc7 9. g5 Nfd7 10. f4 Nc6 11. O-O Nc5 12. a3 b6 13. b4 Nb7 14. Bxa6 Nxd4 15. Bxb7 Nxc2 16. Bxa8 Nxe3 17. Qd4 Nxf1 18. Nb5 Qb8 19. Qxg7 Rf8 20. Qc3 Bb7 21. Bxb7 Qxb7 22. Rxf1 Kd7 23. Qd3 Rc8 24. Nxd6 Bxd6 25. e5 Qd5 26. Rd1 Qxd3 27. Rxd3 Rc2 28. Rxd6+ Kc7 29. Rd3 Rb2 30. Rh3 Rb1+ 31. Kg2 Rb2+ 32. Kf3 1-0

[Event "Landesklasse Ost 2025/26"]
[Site "?"]
[Date "2025.09.14"]
[Round "1.6"]
[White "Heine, Robert"]
[Black "Bemmann, Carlo"]
[Result "0-1"]
[WhiteElo "1561"]
[BlackElo "1834"]
[WhiteFideId "-1"]
[BlackFideId "-1"]
[PlyCount "48"]
[GameId "542475090416"]
[EventDate "2025.09.14"]
[EventType "team-tourn"]
[EventRounds "9"]
[SourceTitle "Thueringer Schachbund"]
[Source "ThSB"]
[SourceDate "2025.09.14"]
[SourceVersion "1"]
[SourceVersionDate "2025.09.14"]
[SourceQuality "1"]
[WhiteTeam "Schachklub Weida"]
[BlackTeam "SSV Vimaria 91 Weimar 2"]

{[%evp 0,48,25,25,59,64,64,24,18,13,11,23,20,22,22,12,17,16,9,5,5,-13,9,-1,0,-12,16,-17,10,-43,-23,-31,-53,-53,-19,-108,-105,-83,-103,-129,-104,-90,-110,-149,-122,-143,-43,-204,-204,-29997,-29998]} 1. d4 f5 2. Nf3 Nf6 3. Nbd2 e6 4. e3 b6 5. Bd3 Bb7 6. O-O Be7 7. c3 Ne4 8. Qc2 d5 9. Ne5 O-O 10. f3 Nd6 11. e4 c5 12. exf5 exf5 13. Re1 Nd7 14. Nf1 c4 15. Be2 f4 16. b3 Rc8 17. bxc4 Nxe5 18. dxe5 Nxc4 19. Bxc4 Rxc4 20. Nd2 Rc7 21. Qb3 Bc5+ 22. Kh1 Qh4 23. Bb2 Rf5 24. Re2 Qxh2+ 0-1

[Event "Landesklasse Ost 2025/26"]
[Site "?"]
[Date "2025.09.14"]
[Round "1.7"]
[White "Käckell, Oskar"]
[Black "Urban, Bernd"]
[Result "1-0"]
[WhiteElo "1685"]
[BlackElo "1614"]
[WhiteFideId "-1"]
[BlackFideId "-1"]
[PlyCount "83"]
[GameId "542475328561"]
[EventDate "2025.09.14"]
[EventType "team-tourn"]
[EventRounds "9"]
[SourceTitle "Thueringer Schachbund"]
[Source "ThSB"]
[SourceDate "2025.09.14"]
[SourceVersion "1"]
[SourceVersionDate "2025.09.14"]
[SourceQuality "1"]
[WhiteTeam "SSV Vimaria 91 Weimar 2"]
[BlackTeam "Schachklub Weida"]

{[%evp 0,83,41,25,25,25,25,10,10,1,12,14,19,8,14,3,26,7,61,35,43,24,15,21,15,0,17,24,31,6,0,6,50,-14,-20,-46,-29,-21,0,-12,85,129,153,140,161,131,172,133,135,41,81,81,114,86,94,79,129,100,82,115,125,120,135,90,90,148,145,144,138,134,457,488,615,654,654,390,384,400,397,405,415,418,411,422,527,436]} 1. d4 d5 2. Nf3 Nf6 3. e3 e6 4. Bd3 Be7 5. O-O O-O 6. b3 Nbd7 7. Bb2 c5 8. Nbd2 a6 9. c4 cxd4 10. exd4 b6 11. Rc1 Bb7 12. Ne5 Rc8 13. Ndf3 Nxe5 14. Nxe5 dxc4 15. bxc4 b5 16. Qe2 bxc4 17. Bxc4 Qd6 18. Rfd1 Rc7 19. Bc3 Rfc8 20. Ba5 Rc6 21. Nxc6 Bxc6 22. Bc3 Bb7 23. Bb3 Nd5 24. Bxd5 Qxd5 25. f3 Bg5 26. Rc2 Bf6 27. Bb2 Rxc2 28. Qxc2 Qxa2 29. Qc7 Qd5 30. Qb8+ Bd8 31. Ba3 Qd7 32. Bd6 h6 33. Rb1 Bd5 34. Rb6 Bc4 35. Rb7 Qa4 36. Qxd8+ Kh7 37. Rb1 Bd3 38. Rc1 Qxd4+ 39. Kh1 Qe3 40. Qc7 Qf2 41. h3 Bf1 42. Qc2+ 1-0

[Event "Landesklasse Ost 2025/26"]
[Site "?"]
[Date "2025.09.14"]
[Round "1.8"]
[White "Lehmann, Volkhard"]
[Black "Brüning, Gerrit"]
[Result "1/2-1/2"]
[WhiteElo "1546"]
[BlackElo "1774"]
[WhiteFideId "-1"]
[BlackFideId "-1"]
[PlyCount "37"]
[GameId "542475852048"]
[EventDate "2025.09.14"]
[EventType "team-tourn"]
[EventRounds "9"]
[SourceTitle "Thueringer Schachbund"]
[Source "ThSB"]
[SourceDate "2025.09.14"]
[SourceVersion "1"]
[SourceVersionDate "2025.09.14"]
[SourceQuality "1"]
[WhiteTeam "Schachklub Weida"]
[BlackTeam "SSV Vimaria 91 Weimar 2"]

{[%evp 0,37,36,17,58,59,59,46,51,44,32,26,21,20,20,15,17,-9,17,21,23,26,27,-10,42,32,42,43,78,63,135,135,125,141,134,135,167,102,111,118]} 1. d4 f5 2. Bf4 Nf6 3. e3 e6 4. Nd2 Be7 5. h3 b6 6. Ngf3 Bb7 7. c3 O-O 8. Qb3 Nh5 9. Bh2 f4 10. O-O-O a5 11. Qb5 Rf5 12. Qb3 a4 13. Qc2 Ba6 14. e4 Ra5 15. Nc4 Bxc4 16. Bxc4 b5 17. Be2 b4 18. Nd2 bxc3 19. Qxc3 1/2-1/2